All Apple Stores - Statistics

General Stats
  • This quiz has been taken 14 times
  • The average score is 26 of 528
Answer Stats
Hint Answer % Correct
United Kingdom Apple Birmingham, Birmingham, West Midlands
38%
Florida Apple International Plaza, Tampa
38%
Alabama Apple The Summit, Birmingham
38%
Alaska Apple Anchorage 5th Avenue Mall, Anchorage
31%
California Apple Arden Fair, Sacramento
31%
Massachusetts Apple Boylston Street, Boston
31%
Delaware Apple Christiana Mall, Newark
31%
Missouri Apple Country Club Plaza, Kansas City
31%
Michigan Apple Downtown Detroit, Detroit
31%
United Kingdom Apple Edinburgh, Edinburgh
31%
United Kingdom Apple Glasgow, Glasgow
31%
Iowa Apple Jordan Creek, West Des Moines
31%
Arizona Apple La Encantada, Tucson
31%
Connecticut Apple New Haven, New Haven
31%
California Apple Oakridge, San Jose
31%
Arkansas Apple The Promenade at Chenal, Little Rock
31%
Arizona Apple Arrowhead, Glendale
23%
Wisconsin Apple Bayshore, Glendale
23%
Alabama Apple Bridge Street, Huntsville
23%
Australia Apple Brisbane, Brisbane City, Qld
23%
Belgium Apple Brussels, Brussels
23%
Massachusetts Apple CambridgeSide, Cambridge
23%
Colorado Apple Cherry Creek, Denver
23%
United Kingdom Apple Eldon Square, Newcastle upon Tyne, Tyne and Wear
23%
United Kingdom Apple Grand Arcade, Cambridge, Cambridgeshire
23%
Ohio Apple Kenwood Towne Centre, Cincinnati
23%
United Kingdom Apple Liverpool, Liverpool, Merseyside
23%
China Apple MixC Nanning, Nanning
23%
China Apple Olympia 66 Dalian, Dalian
23%
Kentucky Apple Oxmoor, Louisville
23%
Canada Apple Pacific Centre, Vancouver, BC
23%
Australia Apple Perth City, Perth, WA
23%
Canada Apple Richmond Centre, Richmond, BC
23%
Washington Apple River Park Square, Spokane
23%
Australia Apple Rundle Place, Adelaide, SA
23%
Canada Apple Sainte-Catherine, Montreal, QC
23%
Arizona Apple SanTan Village, Gilbert
23%
Virginia Apple Short Pump Town Center, Richmond
23%
Florida Apple St. Johns Town Center, Jacksonville
23%
Washington Apple Tacoma Mall, Tacoma
23%
New Hampshire Apple The Mall of New Hampshire, Manchester
23%
Colorado Apple The Promenade Shops at Briargate, Colorado Springs
23%
United Kingdom Apple Trinity Leeds, Leeds, West Yorkshire
23%
Washington Apple University Village, Seattle
23%
Brazil Apple Village Mall, Rio De Janeiro
23%
Nebraska Apple Village Pointe, Omaha
23%
Pennsylvania Apple Walnut Street, Philadelphia
23%
China Apple Zhongjie Joy City, Shenyang
23%
Maryland Apple Annapolis, Annapolis
15%
India Apple BKC, Mumbai
15%
Florida Apple Boca Raton, Boca Raton
15%
Idaho Apple Boise Towne Square, Boise
15%
Australia Apple Canberra, Canberra, ACT
15%
France Apple CAP3000, Nice
15%
United Kingdom Apple Cardiff, Cardiff
15%
Arizona Apple Chandler Fashion Center, Chandler
15%
Maryland Apple Columbia, Columbia
15%
United Kingdom Apple Cribbs Causeway, Bristol
15%
Tennessee Apple Downtown Nashville, Nashville
15%
California Apple Fashion Fair, Fresno
15%
North Carolina Apple Friendly Center, Greensboro
15%
Kentucky Apple Fritz Farm, Lexington
15%
Japan Apple Fukuoka, Fukuoka
15%
Germany Apple Große Bockenheimer Straße, Frankfurt
15%
California Apple Irvine Spectrum Center, Irvine
15%
China Apple Jing'an, Shanghai
15%
Austria Apple Kärntner Straße, Vienna
15%
Virginia Apple Lynnhaven Mall, Virginia Beach
15%
United Kingdom Apple Meadowhall, Sheffield, South Yorkshire
15%
China Apple MixC Qingdao, Qingdao
15%
Italy Apple Nave de Vero, Mestre, Venice
15%
California Apple Park Visitor Center, Cupertino
15%
Canada Apple Place Ste-Foy, Quebec City, QC
15%
Rhode Island Apple Providence Place, Providence
15%
China Apple Pudong, Shanghai
15%
Switzerland Apple Rennweg, Zurich
15%
Switzerland Apple Rue de Rive, Geneva
15%
California Apple Sherman Oaks, Sherman Oaks
15%
Japan Apple Shinsaibashi, Osaka
15%
North Carolina Apple SouthPark, Charlotte
15%
North Carolina Apple Southpoint, Durham
15%
California Apple State Street, Santa Barbara
15%
Nevada Apple Summit Sierra, Reno
15%
China Apple Suzhou, Suzhou
15%
Australia Apple Sydney, Sydney, NSW
15%
Malaysia Apple The Exchange TRX, Kuala Lumpur
15%
Indiana Apple The Fashion Mall at Keystone, Indianapolis
15%
California Apple The Oaks, Thousand Oaks
15%
China Apple Tianyi Square, Ningbo
15%
Colorado Apple Twenty Ninth Street, Boulder
15%
United Kingdom Apple Union Square, Aberdeen
15%
Texas Apple University Park Village, Fort Worth
15%
California Apple Valley Fair, Santa Clara
15%
California Apple Valley Plaza, Bakersfield
15%
New York Apple Walden Galleria, Buffalo
15%
Florida Apple Waterside Shops, Naples
15%
China Apple Wuhan, Wuhan
15%
New Mexico Apple ABQ Uptown, Albuquerque
8%
Germany Apple Altmarkt-Galerie, Dresden
8%
Mexico Apple Antara, Mexico City
8%
Florida Apple Aventura, Aventura
8%
Washington Apple Bellevue Square, Bellevue
8%
California Apple Brea Mall, Brea
8%
Michigan Apple Briarwood, Ann Arbor
8%
Massachusetts Apple Burlington, Burlington
8%
China Apple Center 66 Wuxi, Wuxi
8%
China Apple Changsha, Changsha
8%
Texas Apple Cielo Vista Mall, El Paso
8%
Utah Apple City Creek Center, Salt Lake City
8%
North Carolina Apple Crabtree Valley Mall, Raleigh
8%
Ohio Apple Crocker Park, Westlake
8%
New York Apple Crossgates, Albany
8%
United Arab Emirates Apple Dubai Mall, Dubai
8%
Germany Apple Düsseldorf, Düsseldorf
8%
New York Apple Eastview, Victor
8%
California Apple El Paseo Village, Palm Desert
8%
Ohio Apple Eton, Woodmere
8%
California Apple Fashion Island, Newport Beach
8%
United Kingdom Apple Festival Place, Southampton, Hampshire
8%
Italy Apple Firenze, Florence
8%
Texas Apple First Colony Mall, Sugar Land
8%
Ohio Apple Franklin Park Mall, Toledo
8%
Canada Apple Halifax Shopping Centre, Halifax, NS
8%
Germany Apple Hannover, Hannover
8%
United Kingdom Apple Highcross, Leicester, Leicestershire
8%
California Apple Higuera Street, San Luis Obispo
8%
Wisconsin Apple Hilldale, Madison
8%
Pennsylvania Apple King of Prussia, King of Prussia
8%
China Apple Kunming, Kunming
8%
Japan Apple Kyoto, Kyoto
8%
Kansas Apple Leawood, Leawood
8%
France Apple Lille, Lille
8%
Florida Apple Lincoln Road, Miami Beach
8%
Minnesota Apple Mall of America, Bloomington
8%
Louisiana Apple Mall of Louisiana, Baton Rouge
8%
Canada Apple Mapleview Centre, Burlington, ON
8%
France Apple Marseille, Marseille
8%
California Apple Mission Viejo, Mission Viejo
8%
China Apple MixC Hefei, Hefei
8%
China Apple MixC Zhengzhou, Zhengzhou
8%
Japan Apple Nagoya Sakae, Aichi
8%
California Apple North County, Escondido
8%
United Kingdom Apple Norwich, Norwich, Norfolk
8%
Germany Apple OEZ, Munich
8%
China Apple Parc 66 Jinan, Jinan
8%
Pennsylvania Apple Park City, Lancaster
8%
California Apple Pasadena, Pasadena
8%
United Kingdom Apple Plymouth, Plymouth, Devon
8%
Canada Apple Polo Park, Winnipeg, MB
8%
California Apple Promenade Temecula, Temecula
8%
Spain Apple Puerto Venecia, Zaragoza
8%
New Hampshire Apple Rockingham Park, Salem
8%
New York Apple Roosevelt Field, Garden City
8%
Minnesota Apple Rosedale Center, Roseville
8%
California Apple Roseville, Roseville
8%
France Apple Sainte-Catherine, Bordeaux
8%
India Apple Saket, New Delhi
8%
New Jersey Apple Short Hills, Short Hills
8%
Minnesota Apple Southdale, Edina
8%
California Apple Stoneridge Mall, Pleasanton
8%
Ohio Apple Summit Mall, Akron
8%
New York Apple Syracuse, Syracuse
8%
China Apple Tahoe Plaza, Fuzhou
8%
Florida Apple The Galleria, Fort Lauderdale
8%
Florida Apple The Gardens Mall, Palm Beach Gardens
8%
United Kingdom Apple The Oracle, Reading, Berkshire
8%
California Apple Third Street Promenade, Santa Monica
8%
California Apple Valencia Town Center, Valencia
8%
Spain Apple Valencia, Valencia
8%
China Apple West Lake, Hangzhou
8%
Tennessee Apple West Town Mall, Knoxville
8%
New Jersey Apple Willowbrook, Wayne
8%
Michigan Apple Woodland, Grand Rapids
8%
China Apple Xiamen Lifestyle Center, Xiamen
8%
California Apple 4th Street, Berkeley
0%
France Apple Aix-en-Provence, Aix-en-Provence
0%
Türkiye Apple Akasya, Üsküdar İstanbul
0%
Hawaii Apple Ala Moana, Honolulu
0%
Washington Apple Alderwood, Lynnwood
0%
United Arab Emirates Apple Al Maryah Island, Abu Dhabi
0%
Germany Apple Alstertal, Hamburg
0%
Florida Apple Altamonte, Altamonte Springs
0%
New Jersey Apple American Dream, East Rutherford
0%
Netherlands Apple Amsterdam, Amsterdam
0%
Hong Kong Apple apm Hong Kong, Hong Kong
0%
Colorado Apple Aspen Grove, Littleton
0%
France Apple Atlantis, Saint Herblain
0%
Georgia Apple Augusta, Augusta
0%
Georgia Apple Avalon, Alpharetta
0%
Türkiye Apple Bağdat Caddesi, Kadıköy İstanbul
0%
Texas Apple Barton Creek, Austin
0%
Texas Apple Baybrook, Friendswood
0%
Canada Apple Bayshore Shopping Centre, Ottawa, ON
0%
California Apple Bay Street, Emeryville
0%
United Kingdom Apple Belfast, Belfast, Antrim
0%
United Kingdom Apple Bentall Centre, Kingston upon Thames
0%
Maryland Apple Bethesda Row, Bethesda
0%
California Apple Beverly Center, Los Angeles
0%
North Carolina Apple Birkdale Village, Huntersville
0%
United Kingdom Apple Bluewater, Greenhithe, Kent
0%
Australia Apple Bondi, Bondi Junction, NSW
0%
Australia Apple Booragoon, Booragoon, WA
0%
United Kingdom Apple Braehead, Glasgow
0%
Florida Apple Brandon, Brandon
0%
United Kingdom Apple Brent Cross, Greater London
0%
Florida Apple Brickell City Centre, Miami
0%
Oregon Apple Bridgeport Village, Tigard
0%
New Jersey Apple Bridgewater, Bridgewater
0%
Australia Apple Broadway, Broadway, NSW
0%
California Apple Broadway Plaza, Walnut Creek
0%
United Kingdom Apple Bromley, Bromley, Kent
0%
United Kingdom Apple Brompton Road, Central London
0%
California Apple Burlingame, Burlingame
0%
Italy Apple Campania, Marcianise
0%
Hong Kong Apple Canton Road, Hong Kong
0%
Australia Apple Carindale, Carindale, Qld
0%
California Apple Carlsbad, Carlsbad
0%
District of Columbia Apple Carnegie Library, Washington
0%
Italy Apple Carosello, Carugate
0%
Canada Apple Carrefour Laval, Laval, QC
0%
France Apple Carré Sénart, Lieusaint
0%
Australia Apple Castle Towers, Castle Hill, NSW
0%
Hong Kong Apple Causeway Bay, Hong Kong
0%
Thailand Apple Central World, Bangkok
0%
Germany Apple CentrO, Oberhausen
0%
Italy Apple Centro Sicilia, Misterbianco
0%
California Apple Century City, Los Angeles
0%
Australia Apple Chadstone, Chadstone, Vic
0%
France Apple Champs-Élysées, Paris
0%
China Apple Chaoyang Joy City, Beijing
0%
South Carolina Apple Charleston, Charleston
0%
Australia Apple Charlestown, Charlestown, NSW
0%
Australia Apple Chatswood Chase, Chatswood, NSW
0%
Australia Apple Chermside, Chermside, Qld
0%
New Jersey Apple Cherry Hill, Cherry Hill
0%
Massachusetts Apple Chestnut Hill, Chestnut Hill
0%
California Apple Chestnut Street, San Francisco
0%
China Apple China Central Mall, Beijing
0%
Canada Apple Chinook Centre, Calgary, AB
0%
United Kingdom Apple Churchill Square, Brighton, East Sussex
0%
Germany Apple City-Galerie, Augsburg
0%
Virginia Apple Clarendon, Arlington
0%
Florida Apple Coconut Point, Estero
0%
Canada Apple Conestoga, Waterloo, ON
0%
France Apple Confluence, Lyon
0%
Tennessee Apple CoolSprings Galleria, Franklin
0%
Canada Apple Coquitlam Centre, Coquitlam, BC
0%
California Apple Corte Madera, Corte Madera
0%
Macao Apple Cotai Strip, Macao
0%
United Kingdom Apple Covent Garden, Central London
0%
Georgia Apple Cumberland Mall, Atlanta
0%
Florida Apple Dadeland, Miami
0%
Connecticut Apple Danbury Fair Mall, Danbury
0%
Illinois Apple Deer Park, Deer Park
0%
California Apple Del Amo, Torrance
0%
California Apple Del Monte, Monterey
0%
Netherlands Apple Den Haag, The Hague
0%
Massachusetts Apple Derby Street, Hingham
0%
Canada Apple DIX30, Brossad, QC
0%
Texas Apple Domain NORTHSIDE, Austin
0%
Australia Apple Doncaster, Doncaster, Vic
0%
New York Apple Downtown Brooklyn, Brooklyn
0%
Ohio Apple Easton Town Center, Columbus
0%
Michigan Apple Eastwood Towne Center, Lansing
0%
Canada Apple Eaton Centre, Toronto, ON
0%
Sweden Apple Emporia, Malmö
0%
Italy Apple Euroma2, Roma
0%
Connecticut Apple Evergreen Walk, South Windsor
0%
Virginia Apple Fairfax Corner, Fairfax
0%
Canada Apple Fairview Pointe-Claire, Pointe-Claire, QC
0%
Canada Apple Fairview, Toronto, ON
0%
Utah Apple Fashion Place, Murray
0%
Nevada Apple Fashion Show, Las Vegas
0%
California Apple Fashion Valley, San Diego
0%
United Kingdom Apple Festival Place, Basingstoke, Hampshire
0%
Hong Kong Apple Festival Walk, Hong Kong
0%
New York Apple Fifth Avenue, New York City
0%
Italy Apple Fiordaliso, Rozzano
0%
Colorado Apple FlatIron Crossing, Broomfield
0%
Florida Apple Florida Mall, Orlando
0%
Australia Apple Fountain Gate, Fountain Gate, Vic
0%
New Jersey Apple Freehold Raceway Mall, Freehold
0%
Switzerland Apple Freie Strasse, Basel
0%
Macao Apple Galaxy Macau, Macao
0%
Texas Apple Galleria Dallas, Dallas
0%
South Korea Apple Gangnam, Seoul
0%
New Jersey Apple Garden State Plaza, Paramus
0%
South Korea Apple Garosugil, Seoul
0%
District of Columbia Apple Georgetown, Washington
0%
Japan Apple Ginza, Tokyo
0%
Switzerland Apple Glattzentrum, Glattzentrum bei Wallisellen
0%
California Apple Glendale Galleria, Glendale
0%
China Apple Global Harbor, Shanghai
0%
New York Apple Grand Central, New York City
0%
Spain Apple Gran Plaza 2, Majadahonda
0%
Tennessee Apple Green Hills, Nashville
0%
Connecticut Apple Greenwich Avenue, Greenwich
0%
Canada Apple Guildford Town Centre, Surrey, BC
0%
Netherlands Apple Haarlem, Haarlem
0%
South Korea Apple Hanam, Gyeonggi
0%
South Carolina Apple Haywood Mall, Greenville
0%
Texas Apple Highland Village, Houston
0%
Australia Apple Highpoint, Maribyrnong, Vic
0%
California Apple Hillsdale, San Mateo
0%
China Apple Holiday Plaza Shenzhen, Shenzhen
0%
Massachusetts Apple Holyoke, Holyoke
0%
South Korea Apple Hongdae, Seoul
0%
China Apple Hong Kong Plaza, Shanghai
0%
Australia Apple Hornsby, Hornsby, NSW
0%
Texas Apple Houston Galleria, Houston
0%
Thailand Apple Iconsiam, Bangkok
0%
Hong Kong Apple ifc mall, Hong Kong
0%
Italy Apple I Gigli, Campi Bisenzio
0%
Italy Apple Il Leone, Lonato
0%
South Korea Apple Jamsil, Seoul
0%
Singapore Apple Jewel Changi Airport, Singapore
0%
China Apple Jiefangbei, Chongqing
0%
Germany Apple Jungfernstieg, Hamburg
0%
Hawaii Apple Kahala, Honolulu
0%
Japan Apple Kawasaki, Kanagawa
0%
Texas Apple Knox Street, Dallas
0%
Germany Apple Kurfürstendamm, Berlin
0%
Spain Apple La Cañada, Marbella
0%
Texas Apple La Cantera, San Antonio
0%
United Kingdom Apple Lakeside, Grays, Essex
0%
Louisiana Apple Lakeside Shopping Center, Metairie
0%
Spain Apple La Maquinista, Barcelona
0%
France Apple La Toison d'Or, Djion
0%
Spain Apple La Vaguada, Madrid
0%
Italy Apple Le Befane, Rimini
0%
Massachusetts Apple Legacy Place, Dedham
0%
Italy Apple Le Gru, Grugliasco, Turin
0%
Pennsylvania Apple Lehigh Valley, Whitehall
0%
Georgia Apple Lenox Square, Atlanta
0%
France Apple Les Quatre Temps, Puteaux - la Defense
0%
Illinois Apple Lincoln Park, Chicago
0%
California Apple Los Cerritos, Cerritos
0%
California Apple Los Gatos, Los Gatos
0%
Maine Apple Maine Mall, South Portland
0%
Illinois Apple Main Place, Naperville
0%
Georgia Apple Mall of Georgia, Buford
0%
Sweden Apple Mall of Scandinavia, Solna
0%
United Arab Emirates Apple Mall of the Emirates, Dubai
0%
United Kingdom Apple Manchester Arndale, Manchester
0%
New York Apple Manhasset, Manhasset
0%
California Apple Manhattan Village, Manhattan Beach
0%
France Apple Marché Saint-Germain, Paris
0%
Singapore Apple Marina Bay Sands, Singapore
0%
Canada Apple Market Mall, Calgary, AB
0%
Massachusetts Apple MarketStreet, Lynnfield
0%
Canada Apple Markville Shopping Centre, Markham, ON
0%
Japan Apple Marunouchi, Tokyo
0%
Canada Apple Masonville, London, ON
0%
Wisconsin Apple Mayfair, Wauwatosa
0%
Texas Apple Memorial City, Houston
0%
New Jersey Apple Menlo Park, Edison
0%
United Kingdom Apple Metrocentre, Gateshead, Tyne and Wear
0%
Canada Apple Metrotown, Burnaby, BC
0%
Florida Apple Miami Worldcenter, Miami
0%
Illinois Apple Michigan Avenue, Chicago
0%
Florida Apple Millenia, Orlando
0%
United Kingdom Apple Milton Keynes, Milton Keynes
0%
Australia Apple Miranda, Miranda, NSW
0%
China Apple MixC Chengdu, Chengdu
0%
China Apple MixC Chongqing, Chongqing
0%
China Apple MixC Hangzhou, Hangzhou
0%
China Apple MixC Shenzhen, Shenzhen
0%
China Apple MixC Tianjin, Tianjin
0%
China Apple MixC Wenzhou, Wenzhou
0%
Maryland Apple Montgomery Mall, Bethesda
0%
Brazil Apple Morumbi, São Paulo
0%
Germany Apple MTZ, Sulzbach
0%
South Korea Apple Myeongdong, Seoul
0%
China Apple Nanjing East, Shanghai
0%
New York Apple Nanuet, Nanuet
0%
Massachusetts Apple Natick, Natick
0%
Hong Kong Apple New Town Plaza, Hong Kong
0%
Texas Apple NorthPark Center, Dallas
0%
California Apple Northridge, Northridge
0%
Texas Apple North Star, San Antonio
0%
Spain Apple Nueva Condomina, Churra
0%
Illinois Apple Oakbrook, Oak Brook
0%
France Apple Odysseum, Montpeiller
0%
Illinois Apple Old Orchard, Skokie
0%
Japan Apple Omotesando, Tokyo
0%
France Apple Opéra, Paris
0%
Singapore Apple Orchard Road, Singapore
0%
Italy Apple Oriocenter, Orio al Serio
0%
Illinois Apple Orland Square Mall, Orland Park
0%
California Apple Otay Ranch, Chula Vista
0%
California Apple Palo Alto, Palo Alto
0%
China Apple Paradise Walk Chongqing, Chongqing
0%
China Apple Parc Central, Guangzhou
0%
Colorado Apple Park Meadows, Lone Tree
0%
France Apple Parly 2, Le Chesnay
0%
Spain Apple Parquesur, Leganés
0%
France Apple Part-Dieu, Lyon
0%
Spain Apple Passeig de Gràcia, Barcelona
0%
Australia Apple Penrith, Penrith, NSW
0%
Virginia Apple Pentagon City, Arlington
0%
Georgia Apple Perimeter, Atlanta
0%
New Hampshire Apple Pheasant Lane, Nashua
0%
Italy Apple Piazza Liberty, Milan
0%
Oregon Apple Pioneer Place, Portland
0%
Ohio Apple Polaris Fashion Place, Columbus
0%
Italy Apple Porta di Roma, Roma Bufalotta
0%
Virginia Apple Potomac Town Center, Woodbridge
0%
United Kingdom Apple Princesshay, Exter, Devon
0%
Spain Apple Puerta del Sol, Madrid
0%
China Apple Qibao, Shanghai
0%
New Jersey Apple Quaker Bridge, Lawrence Township
0%
New York Apple Queens Center, Elmhurst
0%
United Kingdom Apple Regent Street, Central London
0%
Mississippi Apple Renaissance at Colony Park, Ridgeland
0%
Virginia Apple Reston, Reston
0%
Germany Apple Rhein Center, Cologne
0%
Canada Apple Rideau, Ottawa, ON
0%
Minnesota Apple Ridgedale, Minnetonka
0%
New York Apple Ridge Hill, Yonkers
0%
Spain Apple Río Shopping, Arroyo de la Encomienda
0%
China Apple Riverside 66 Tianjin, Tianjin
0%
Australia Apple Robina, Robina Town Centre, Qld
0%
New Jersey Apple Rockaway, Rockaway
0%
Germany Apple Rosenstraße, Munich
0%
Germany Apple Rosenthaler Straße, Berlin
0%
France Apple Rosny 2, Rosny-Sous-Bois
0%
Pennsylvania Apple Ross Park, Pittsburgh
0%
Tennessee Apple Saddle Creek, Germantown
0%
New Jersey Apple Sagemore, Marlton
0%
Missouri Apple Saint Louis Galleria, St. Louis
0%
California Apple Santa Rosa Plaza, Santa Rosa
0%
China Apple Santilun, Beijing
0%
Germany Apple Schildergasse, Cologne
0%
Arizona Apple Scottsdale Fashion Square, Scottsdale
0%
Arizona Apple Scottsdale Quarter, Scottsdale
0%
Pennsylvania Apple Shadyside, Pittsburgh
0%
China Apple Shanghai iapm, Shanghai
0%
Canada Apple Sherway Gardens, Toronto, ON
0%
Japan Apple Shibuya, Tokyo
0%
Japan Apple Shinjuku, Tokyo
0%
California Apple Simi Valley, Simi Valley
0%
Germany Apple Sindelfingen, Sindelfingen
0%
New York Apple Smith Haven, Lake Grove
0%
New York Apple SoHo, New York City
0%
Massachusetts Apple Solomon Pond Mall, Marlborough
0%
Michigan Apple Somerset, Troy
0%
Connecticut Apple SoNo Collection, Norwalk
0%
Washington Apple Southcenter, Tukwila
0%
California Apple South Coast Plaza, Costa Mesa
0%
United Kingdom Apple SouthGate, Bath, Somerset
0%
Canada Apple Southgate Centre, Edmonton, AB
0%
Pennsylvania Apple South Hills Village, Pittsburgh
0%
Texas Apple Southlake Town Square, Southlake
0%
Australia Apple Southland, Cheltenham, Vic
0%
Massachusetts Apple South Shore, Braintree
0%
Canada Apple Square One, Mississauga, ON
0%
California Apple Stanford Shopping Center, Palo Alto
0%
New York Apple Staten Island, Staten Island
0%
Utah Apple Station Park, Farmington
0%
California Apple Stonestown,  San Francisco
0%
United Kingdom Apple Stratford City, Greater London
0%
Pennsylvania Apple Suburban Square, Ardmore
0%
Nevada Apple Summerlin, Las Vegas
0%
Sweden Apple Täby Centrum, Täby
0%
China Apple Taikoo Li Chengdu, Chengdu
0%
Taiwan Apple Taipei 101, Taipei
0%
California Apple The Americana at Brand, Glendale
0%
Florida Apple The Falls, Miami
0%
Nevada Apple The Forum Shops, Las Vegas
0%
Ohio Apple The Greene, Beavercreek
0%
California Apple The Grove, Los Angeles
0%
New York Apple The Mall at Bay Plaza, Bronx
0%
New York Apple The Westchester, White Plains
0%
Texas Apple The Woodlands, The Woodlands
0%
China Apple Tianjin Joy City, Tianjin
0%
New Jersey Apple Tice's Corner, Woodcliff Lake
0%
California Apple Topanga, Canoga Park
0%
United Kingdom Apple Touchwood Centre, Solihull, West Midlands
0%
California Apple Tower Theatre, Los Angeles
0%
Nevada Apple Town Square, Las Vegas
0%
Maryland Apple Towson Town Center, Towson
0%
United Kingdom Apple Trafford Centre, Manchester
0%
Connecticut Apple Trumbull, Trumbull
0%
Michigan Apple Twelve Oaks, Novi
0%
Virginia Apple Tysons Corner, McLean
0%
California Apple Union Square, San Francisco
0%
Indiana Apple University Park Mall, Mishawaka
0%
Florida Apple University Town Center, Sarasota
0%
Canada Apple Upper Canada Mall, Newmarket, ON
0%
New York Apple Upper East Side, New York City
0%
New York Apple Upper West Side, New York City
0%
California Apple UTC, San Diego
0%
France Apple Val d’Europe, Marne-la-Vallee
0%
France Apple Vélizy 2, Velizy-Villacoublay
0%
Italy Apple Via del Corso, Rome
0%
Italy Apple Via Rizzoli, Bologna
0%
Italy Apple Via Roma, Turin
0%
Mexico Apple Vía Santa Fe, Cuajimalpa de Morelos
0%
California Apple Victoria Gardens, Rancho Cucamonga
0%
California Apple Vintage Faire, Modesto
0%
New York Apple Walt Whitman, Huntington Station
0%
China Apple Wangfujing, Beijing
0%
Oregon Apple Washington Square, Tigard
0%
United Kingdom Apple Watford, Watford, Hertfordshire
0%
Florida Apple Wellington Green, Wellington
0%
New York Apple West 14th Street, New York City
0%
Missouri Apple West County, St. Louis
0%
Canada Apple West Edmonton, Edmonton, AB
0%
Connecticut Apple Westfarms, Farmington
0%
United Kingdom Apple White City, Greater London
0%
New York Apple Williamsburg, Brooklyn
0%
Texas Apple Willowbrook Mall, Houston
0%
Pennsylvania Apple Willow Grove Park, Willow Grove
0%
China Apple Wonder City, Nanjing
0%
Illinois Apple Woodfield, Schaumburg
0%
New York Apple World Trade Center, New York City
0%
China Apple Wujiaochang, Shanghai
0%
Spain Apple Xanadú, Arroyomolinos
0%
China Apple Xidan Joy City, Beijing
0%
China Apple Xinjiekou, Nanjing
0%
Taiwan Apple Xinyi A13, Taipei
0%
China Apple Xuanwu Lake, Nanjing
0%
United Arab Emirates Apple Yas Mall, Abu Dhabi
0%
South Korea Apple Yeouido, Seoul
0%
Canada Apple Yorkdale, Toronto, ON
0%
China Apple Zhujiang New Town, Guangzhou
0%
Türkiye Apple Zorlu Center, Beşiktaş İstanbul
0%
No matching quizzes found
Score Distribution
Percent of People with Each Score
Percentile by Number Answered
Your Score History
You have not taken this quiz